[Event "CZE-Cup01 sf bd01 email"]
[Site "Czech email"]
[Date "2003.??.??"]
[Round "?"]
[White "Hurka, Jiri"]
[Black "Pauschek, Roman"]
[Result "1/2-1/2"]
[WhiteElo "1800"]
[BlackElo "2080"]
[PlyCount "57"]
[EventDate "2003.??.??"]
[EventType "tourn (corr)"]
[EventRounds "14"]
[EventCountry "CZE"]
[SourceTitle "Corr 2006"]
[Source "ChessBase"]
[SourceDate "2006.04.01"]
[SourceVersion "3"]
[SourceVersionDate "2006.04.01"]
[SourceQuality "1"]

1. e4 e5 2. Nf3 Nc6 3. Bc4 Bc5 4. c3 Nf6 5. d4 exd4 6. cxd4 Bb4+ 7. Nc3 Nxe4 8. 0-0 Bxc3 9. d5 Bf6 10. Re1 Ne7 11. Rxe4 d6 12. Bg5 Bxg5 13. Nxg5 0-0 14. Nxh7 Kxh7 15. Qh5+ Kg8 16. Rh4 f5 17. Qh7+ Kf7 18. Rh6 Rg8 19. Re1 Qf8 20. Bb5 a6 21. Ree6 axb5 22. Rhf6+ Ke8 23. Qg6+ Kd8 24. Rxf8+ Rxf8 25. Qxg7 Re8 26. Re1 Rxa2 27. h4 Ra4 28. f3 Rxh4 29. Rxe7 1/2-1/2

[Event "CZE-Cup01 sf bd01 email"]
[Site "Czech email"]
[Date "2003.??.??"]
[Round "?"]
[White "Pauschek, Roman"]
[Black "Baciak, Miloslav"]
[Result "1-0"]
[WhiteElo "2080"]
[BlackElo "1930"]
[PlyCount "89"]
[EventDate "2003.??.??"]
[EventType "tourn (corr)"]
[EventRounds "14"]
[EventCountry "CZE"]
[SourceTitle "Corr 2006"]
[Source "ChessBase"]
[SourceDate "2006.04.01"]
[SourceVersion "3"]
[SourceVersionDate "2006.04.01"]
[SourceQuality "1"]

1. e4 c5 2. Nf3 Nc6 3. d4 cxd4 4. Nxd4 Nf6 5. Nc3 e5 6. Ndb5 Bb4 7. Bg5 0-0 8. a3 Bc5 9. Qf3 Be7 10. Bxf6 Bxf6 11. Nd5 Bh4 12. Nd6 Nd4 13. Qd3 Be7 14. Nxc8 Rxc8 15. c3 Ne6 16. Be2 Nc7 17. 0-0 Bc5 18. Rad1 Qh4 19. b4 Nxd5 20. Qxd5 Bb6 21. Rd3 Rc6 22. a4 Qf6 23. a5 Bc7 24. Qxd7 Rd8 25. Qh3 Rxd3 26. Qxd3 h6 27. Rd1 Rd6 28. Qh3 Rxd1+ 29. Bxd1 b6 30. a6 Qc6 31. Qc8+ Kh7 32. Qb7 Qxb7 33. axb7 Kg8 34. b5 Kf8 35. h4 Ke7 36. Bb3 Bd6 37. h5 f6 38. Kh2 Kd7 39. Kh3 Kc7 40. Bd5 Bc5 41. f3 f5 42. exf5 Be7 43. Kg3 Bc5 44. f6 Bd6 45. fxg7 1-0